000 003030000a22001330004500
003 MACL
040 _aMACL
090 _c42274
_d42272
100 _aMansing, Sonal
245 _aIncredible India
_bClassical Dances
260 _bWisdom Tree
_c2007
650 _aStage Presentation
942 _cBOOK
_k792/MAN
999 _c41826
_d41826